Root trainer: Kuttithai nadeelum hardening (Record no. 67272)

MARC details
000 -LEADER
fixed length control field 00313nam a2200133Ia 4500
100 ## - MAIN ENTRY--AUTHOR NAME
Personal name Soman T A
245 #0 - TITLE STATEMENT
Title Root trainer: Kuttithai nadeelum hardening
260 ## - PUBLICATION, DISTRIBUTION, ETC. (IMPRINT)
Name of publisher Karshakan
Year of publication 2014
300 ## - PHYSICAL DESCRIPTION
Number of Pages 62-63
650 ## - SUBJECT ADDED ENTRY--TOPICAL TERM
Topical Term Hardening
650 ## - SUBJECT ADDED ENTRY--TOPICAL TERM
Topical Term Root
942 ## - ADDED ENTRY ELEMENTS (KOHA)
Koha item type Journals
Holdings
Withdrawn status Lost status Damaged status Not for loan Home library Current library Date acquired Serial Enumeration / chronology Koha item type
      Journals RRII Library RRII Library 03/04/2014 Volume 22, Issue 3 Journals